Guess The Lyrics - Statistics

General Stats
  • This quiz has been taken 1,531 times
  • The average score is 140 of 329
Answer Stats
Answer % Correct
I
98%
a
96%
You
93%
you
93%
the
90%
me
80%
me?"
80%
to
77%
To
77%
and
72%
is
66%
in
65%
your
64%
Your
64%
"Can
63%
can
63%
when
60%
so
59%
wanna
59%
want
58%
my
57%
what
54%
are
50%
All
48%
all
48%
(All
48%
that
48%
of
47%
Ever
44%
ever
44%
Not
44%
not
44%
Why
42%
You're
41%
you're
41%
say
38%
Say,
38%
say)
38%
I'm
37%
really
35%
It's
33%
at
32%
Take
31%
up
31%
never
30%
from
29%
live
26%
help
23%
leave
23%
out
23%
been
19%
eyes
18%
forever
17%
mind
17%
something
17%
world
16%
nothing
15%
everything
14%
find
14%
right
13%
away
11%
before
11%
Keep
11%
keep
11%
try
11%
beautiful
10%
light
9%
fall
8%
lie
8%
own
8%
wolves
7%
anything
6%
words
6%
Words
6%
dead
5%
living
5%
broken
4%
able
3%
behind
3%
dumb,
2%
fade
2%
locked
2%
searching,
2%
deceitful
1%
demonize
1%
drowning
1%
externalize
1%
fable
1%
guessing,
1%
guessing
1%
hateful,
1%
paralyzed
1%
playful
1%
saint
1%
spit
1%
swimming?
1%
terrified
1%
unfaithful
1%
weapons
1%
willing
1%
No matching quizzes found
Score Distribution
Percent of People with Each Score
Percentile by Number Answered
Your Score History
You have not taken this quiz